[Event "3rd ACT"]
[Site "Amsterdam NED"]
[Date "2006.07.16"]
[Round "2"]
[White "Eggleston,D"]
[Black "Ashton,A"]
[Result "1/2-1/2"]
[WhiteElo "2232"]
[BlackElo "2329"]
[EventDate "2006.07.15"]

1. e4 e5 2. Nf3 Nc6 3. d4 exd4 4. Nxd4 Nf6 5. Nxc6 bxc6 6. Bd3 d6 7. O-O g6
8. Bg5 Bg7 9. Nd2 O-O 10. Qf3 Qe7 11. c3 Qe5 12. Bf4 Qh5 13. Rfe1 Rb8 14.
Rab1 Be6 15. c4 Qxf3 16. Nxf3 Nd7 17. b3 Nc5 18. Bc2 a5 19. e5 d5 20. cxd5
cxd5 21. Nd4 Bd7 22. Bd2 a4 23. b4 Ne6 24. Nxe6 fxe6 25. Rbc1 Bb5 26. a3
Rfc8 27. Bb1 c6 28. Rc3 Rb7 29. h4 Rbc7 30. h5 gxh5 31. Rh3 c5 32. bxc5 Bf8
33. Rxh5 Bxc5 34. Bg5 1/2-1/2

[Event "3rd ACT"]
[Site "Amsterdam NED"]
[Date "2006.07.16"]
[Round "2"]
[White "Breivik,L"]
[Black "Van Ruitenburg,J"]
[Result "1-0"]
[WhiteElo "2226"]
[BlackElo "2315"]
[EventDate "2006.07.15"]

1. e4 e5 2. Nc3 Nf6 3. Bc4 Nxe4 4. Qh5 Nd6 5. Bb3 Nc6 6. Nb5 g6 7. Qf3 f5
8. Qd5 Qe7 9. Nxc7+ Kd8 10. Nxa8 b6 11. d3 Bb7 12. h4 f4 13. Qf3 Nd4 14.
Qg4 Bg7 15. Bd2 Bxa8 16. O-O-O a5 17. Re1 Rf8 18. c3 Nxb3+ 19. axb3 Qf7 20.
Nf3 Qd5 21. Kc2 Bc6 22. Qg5+ Kc7 23. c4 Qc5 24. d4 exd4 25. Qxc5 bxc5 26.
Re7 Be4+ 27. Kc1 Bf6 28. Rxh7 a4 29. bxa4 Ra8 30. b3 Rb8 31. Ba5+ Kc6 32.
Nd2 Bxg2 33. Rg1 f3 34. Rh6 Rg8 35. h5 Bh4 36. Rxg6 Rxg6 37. hxg6 Nf5 38.
Nxf3 Bxf3 39. g7 Nxg7 40. Rxg7 Bxf2 41. Rg6+ Kb7 42. Rb6+ Ka7 43. Rf6 Be3+
44. Bd2 Bxd2+ 45. Kxd2 Bg4 46. Rd6 Kb7 47. a5 Kc7 48. Rd5 d6 49. Rg5 Bf3
50. Rg7+ Kc6 51. Kd3 d5 52. Rg6+ Kc7 53. cxd5 Bxd5 54. Rb6 Bg8 55. b4 Bh7+
56. Kc4 d3 57. Kxc5 Be4 58. Rd6 1-0

[Event "3rd ACT"]
[Site "Amsterdam NED"]
[Date "2006.07.16"]
[Round "2"]
[White "Hopman,P"]
[Black "Zhang,T"]
[Result "1/2-1/2"]
[WhiteElo "2304"]
[BlackElo "2217"]
[EventDate "2006.07.15"]

1. d4 Nf6 2. c4 e6 3. Nc3 Bb4 4. Qc2 O-O 5. a3 Bxc3+ 6. Qxc3 b6 7. f3 d5 8.
Bg5 Bb7 9. Nh3 Nbd7 10. Nf2 c5 11. dxc5 bxc5 12. e3 Qb6 13. Qc2 Rac8 14.
Rd1 Rfe8 15. Be2 h6 16. Bh4 Ba6 17. Rd2 Bxc4 18. Bxc4 dxc4 19. O-O Qb3 20.
e4 Qxc2 21. Rxc2 Nh5 22. Rxc4 g5 23. Bg3 Nxg3 24. hxg3 Nb6 25. Rc2 Red8 26.
Rfc1 c4 27. Ng4 Kg7 28. Ne3 Rd3 29. Nxc4 Nxc4 30. Rxc4 Rb8 31. R1c2 Rdb3
32. Rc7 Rxb2 33. Rxb2 Rxb2 34. Rxa7 g4 35. e5 Rb3 36. Kf2 Rb2+ 37. Ke3 Rxg2
38. Ra4 gxf3 39. Rg4+ Kf8 40. Kxf3 Ra2 41. a4 Ra3+ 42. Kf2 Ra2+ 43. Ke1 Ra3
44. Kf2 Ra2+ 45. Kf3 1/2-1/2

[Event "3rd ACT"]
[Site "Amsterdam NED"]
[Date "2006.07.16"]
[Round "2"]
[White "Walton,A"]
[Black "Thiel,T"]
[Result "1-0"]
[WhiteElo "2222"]
[BlackElo "2302"]
[EventDate "2006.07.15"]

1. d4 e6 2. e4 d5 3. e5 c5 4. c3 Bd7 5. Nf3 Qb6 6. Be2 cxd4 7. cxd4 Bb5 8.
O-O Nc6 9. Nc3 Bxe2 10. Qxe2 a6 11. Be3 Nge7 12. Rac1 Nf5 13. Kh1 h5 14.
Qc2 Rc8 15. Nxd5 Qd8 16. Nf4 g5 17. Ne2 g4 18. Nd2 h4 19. Ne4 Be7 20. Qd2
h3 21. g3 Bb4 22. Qc2 Be7 23. Qb3 b5 24. Rfd1 Na5 25. Qd3 Nc4 26. Rc2 Rc7
27. Bf4 Rd7 28. b3 Nb6 29. f3 gxf3 30. Qxf3 Nxd4 31. Nxd4 Rxd4 32. Nd6+
Rxd6 33. exd6 Bf6 34. Rc7 O-O 35. Qg4+ Bg7 36. Qxh3 Nd5 37. Rc2 Nb4 38. Rf2
Qf6 39. Qf1 e5 40. Bc1 Qg6 41. d7 Rd8 42. Ba3 Bf8 43. Bxb4 Bxb4 44. Rf6 Qc2
45. Qf3 Bd2 46. Rf1 1-0

[Event "3rd ACT"]
[Site "Amsterdam NED"]
[Date "2006.07.16"]
[Round "2"]
[White "Cornelisse,J"]
[Black "Witt,Rob"]
[Result "1/2-1/2"]
[WhiteElo "2216"]
[BlackElo "2296"]
[EventDate "2006.07.15"]

1. e4 e6 2. d4 d5 3. e5 c5 4. c3 Nc6 5. Nf3 Qb6 6. a3 Nh6 7. b4 cxd4 8.
cxd4 Nf5 9. Bb2 Be7 10. Bd3 a5 11. Bxf5 exf5 12. Nc3 Be6 13. b5 a4 14. O-O
Na5 15. Qxa4 O-O 16. Rfb1 Rfc8 17. Qd1 Nc4 18. Qb3 Na5 19. Qd1 Nc4 20. Qb3
Qa5 21. Ne2 Qa4 22. Bc1 b6 23. Qd3 h6 24. h4 Rc7 25. Ng3 Ra5 26. Nxf5 Rxb5
27. Nxe7+ Rxe7 28. Rxb5 Qxb5 29. Nd2 Qa4 30. Qb3 Qc6 31. Qb4 Re8 32. Nb3
Bf5 33. Qc3 Ra8 34. Nd2 Nxe5 35. Qxc6 1/2-1/2

[Event "3rd ACT"]
[Site "Amsterdam NED"]
[Date "2006.07.17"]
[Round "3"]
[White "Halkias,S"]
[Black "Wempe,Jo"]
[Result "1-0"]
[WhiteElo "2551"]
[BlackElo "2242"]
[EventDate "2006.07.15"]

1. d4 d5 2. c4 e6 3. Nc3 Nf6 4. Nf3 Be7 5. Bg5 O-O 6. e3 Nbd7 7. Rc1 a6 8.
cxd5 exd5 9. Bd3 Re8 10. O-O c6 11. Qc2 Nf8 12. Nd2 Bd6 13. Kh1 h6 14. Bh4
g5 15. Bg3 Bxg3 16. hxg3 Kg7 17. Nf3 Ng6 18. Kg1 Bg4 19. Rfe1 Rb8 20. Rcd1
Qd7 21. Bxg6 fxg6 22. Ne5 Qf5 23. Qxf5 Bxf5 24. Rc1 c5 25. f3 b5 26. g4 Bc8
27. a3 c4 28. b4 cxb3 29. Rb1 Be6 30. Rxb3 Nd7 31. Nxd7 Bxd7 32. Rbb1 Be6
33. Na2 Rec8 34. Nb4 Rb6 35. Rec1 Rc4 36. Nd3 Rbc6 37. Nc5 Kf6 38. Kf2 h5
39. gxh5 gxh5 40. Ke2 h4 41. Kd2 g4 42. Rxc4 dxc4 43. fxg4 Bxg4 44. e4 Bc8
45. Kc3 Kg5 46. e5 Kf4 47. Rf1+ Ke3 48. e6 1-0

[Event "3rd ACT"]
[Site "Amsterdam NED"]
[Date "2006.07.17"]
[Round "3"]
[White "Al Modiahki,M"]
[Black "Tan,Mat"]
[Result "1/2-1/2"]
[WhiteElo "2564"]
[BlackElo "2288"]
[EventDate "2006.07.15"]

1. e4 e6 2. d4 d5 3. Nd2 Nf6 4. e5 Nfd7 5. Bd3 c5 6. c3 Nc6 7. Ne2 cxd4 8.
cxd4 f6 9. exf6 Nxf6 10. Nf3 Bd6 11. O-O Qc7 12. Bg5 O-O 13. Qc2 h6 14. Bh4
Nh5 15. Bh7+ Kh8 16. Bg6 Rxf3 17. Bxh5 Rf5 18. Bg6 Bxh2+ 19. Kh1 Bd6 20.
Bxf5 exf5 21. Rae1 Kg8 22. Bg3 f4 23. Nxf4 Bxf4 24. Re8+ Kf7 25. Rh8 Rb8
26. Qe2 Bf5 27. Qh5+ Kf6 28. Qh4+ g5 29. Qxh6+ Bg6 30. Re1 Qg7 31. Qxg7+
Kxg7 32. Rxb8 Bxb8 33. Bxb8 Nxb8 34. Re7+ Kf6 35. Rxb7 Nc6 36. Kg1 g4 37.
Kh2 Bf5 38. b4 Nxd4 39. Rxa7 Ke5 40. a4 Nc6 41. Rb7 d4 42. Rb5+ Ke4 43. Rb6
Ne5 44. a5 d3 45. a6 Kd4 46. Rd6+ Kc3 47. b5 d2 48. b6 Bd3 49. b7 d1=Q 50.
b8=Q g3+ 1/2-1/2

[Event "3rd ACT"]
[Site "Amsterdam NED"]
[Date "2006.07.17"]
[Round "3"]
[White "Holzke,F"]
[Black "Strating,S"]
[Result "1-0"]
[WhiteElo "2472"]
[BlackElo "2279"]
[EventDate "2006.07.15"]

1. e4 c6 2. d4 d5 3. Nc3 dxe4 4. Nxe4 Nd7 5. Ng5 Ngf6 6. Bd3 g6 7. N1f3 Bg7
8. Qe2 h6 9. Ne6 fxe6 10. Bxg6+ Kf8 11. O-O Ne8 12. Re1 Nd6 13. c4 b5 14.
Ne5 Nxe5 15. dxe5 Nf5 16. Qf3 bxc4 17. Rd1 Bd7 18. g4 Qc8 19. gxf5 exf5 20.
Rxd7 Qxd7 21. Bxf5 Qd5 22. Be4+ Qf7 23. Bf4 h5 24. Kh1 Bh6 25. Bxh6+ Rxh6
26. Qe3 Rh8 27. Rg1 Rd8 28. Bg6 Qd5+ 29. f3 Qd2 30. Qe4 e6 31. Qh4 1-0

[Event "3rd ACT"]
[Site "Amsterdam NED"]
[Date "2006.07.17"]
[Round "3"]
[White "Parker,J"]
[Black "Burg,T"]
[Result "1/2-1/2"]
[WhiteElo "2509"]
[BlackElo "2268"]
[EventDate "2006.07.15"]

1. d4 Nf6 2. c4 g6 3. Nc3 Bg7 4. e4 d6 5. f4 O-O 6. Nf3 Na6 7. Bd3 Bg4 8.
O-O Nd7 9. Be3 e5 10. fxe5 c5 11. d5 Nxe5 12. Be2 Nxf3+ 13. Bxf3 Bxf3 14.
Qxf3 Qe7 15. Bf4 Nc7 16. Kh1 Rae8 17. Qg3 Be5 18. Bxe5 Qxe5 19. Qxe5 Rxe5
20. Rf6 Ne8 21. Rf3 f6 22. Raf1 Kg7 23. g3 Rf7 24. Kg2 a6 25. a4 Nc7 26. a5
Ne8 27. Rb1 Rc7 28. Kf2 f5 29. exf5 gxf5 30. Re1 Rce7 31. Rxe5 1/2-1/2

[Event "3rd ACT"]
[Site "Amsterdam NED"]
[Date "2006.07.17"]
[Round "3"]
[White "Van der Weide,K"]
[Black "Vogel,Ja"]
[Result "1/2-1/2"]
[WhiteElo "2446"]
[BlackElo "2246"]
[EventDate "2006.07.15"]

1. e4 e6 2. d4 d5 3. Nc3 Bb4 4. e5 c5 5. a3 Bxc3+ 6. bxc3 Qc7 7. Nf3 Ne7 8.
a4 b6 9. Bb5+ Bd7 10. O-O Bc6 11. Ba3 Nd7 12. Qd3 a6 13. Bxc6 Qxc6 14. Rfb1
h6 15. c4 dxc4 16. Qxc4 O-O 17. Rb3 Rfc8 18. dxc5 bxc5 19. Rab1 Ng6 20. h4
Ndxe5 1/2-1/2

[Event "3rd ACT"]
[Site "Amsterdam NED"]
[Date "2006.07.17"]
[Round "3"]
[White "Hunt,A"]
[Black "Van de Fliert,W"]
[Result "1/2-1/2"]
[WhiteElo "2457"]
[BlackElo "2195"]
[EventDate "2006.07.15"]

1. e4 c5 2. Nf3 e6 3. d4 cxd4 4. Nxd4 a6 5. Bd3 Bc5 6. Nb3 Be7 7. O-O d6 8.
Be3 Nd7 9. Nc3 b6 10. f4 Qc7 11. Qg4 g6 12. Bd4 Ngf6 13. Qg3 Bb7 14. e5 Nh5
15. Qf2 O-O 16. Rae1 Ng7 17. exd6 Bxd6 18. Ne4 Be7 19. Bc3 Nf5 20. Nd4 Nxd4
21. Bxd4 Rac8 22. Kh1 Bxe4 23. Bxe4 Bc5 24. Qd2 Bxd4 25. Qxd4 Nc5 26. Bf3
Rfd8 27. Qe3 Na4 28. Qa3 b5 29. b3 Nc5 30. Qb4 Nd7 31. Rc1 Nb6 32. Qa5 Qa7
33. Be2 Rd5 34. Rfd1 Rcd8 35. Rxd5 Rxd5 36. Bf3 Rd4 37. c3 Rxf4 38. Rd1 Nd5
39. Qd8+ Kg7 40. Bxd5 exd5 41. Qxd5 Qe3 42. Qd6 Qe2 43. h3 Rf2 44. Qd4+ Kh6
45. Qh4+ Kg7 46. Qd4+ Kh6 47. Qh4+ Kg7 48. Qd4+ 1/2-1/2

[Event "3rd ACT"]
[Site "Amsterdam NED"]
[Date "2006.07.17"]
[Round "3"]
[White "Becker,Mart"]
[Black "Ansell,S"]
[Result "0-1"]
[WhiteElo "2335"]
[BlackElo "2391"]
[EventDate "2006.07.15"]

1. d4 d5 2. c4 c6 3. Nf3 Nf6 4. e3 Bf5 5. Nc3 e6 6. Nh4 Bg6 7. Qb3 Qb6 8.
Nxg6 hxg6 9. Bd2 Be7 10. Be2 Nbd7 11. Qc2 Qc7 12. h3 a6 13. O-O b5 14. b3
O-O 15. a4 b4 16. Na2 a5 17. Nc1 Rac8 18. Nd3 Qb8 19. c5 e5 20. f4 exd4 21.
exd4 Ne4 22. Ne5 Qa7 23. Bd3 Ndxc5 24. dxc5 Qxc5+ 25. Kh2 Qxc2 26. Bxc2
Nxd2 27. Rfd1 Ne4 28. Bxe4 dxe4 29. Rac1 Bf6 30. Nxc6 Rfe8 31. Rc4 e3 32.
Rdc1 Rxc6 33. Rxc6 e2 34. Re1 Bc3 35. Rxc3 bxc3 36. Kg3 c2 37. Kf2 Rd8 38.
Kxe2 Re8+ 0-1

[Event "3rd ACT"]
[Site "Amsterdam NED"]
[Date "2006.07.17"]
[Round "3"]
[White "Van de Oudeweetering,A"]
[Black "Michiels,B"]
[Result "1/2-1/2"]
[WhiteElo "2345"]
[BlackElo "2455"]
[EventDate "2006.07.15"]

1. e4 e6 2. d4 d5 3. Nc3 Nf6 4. e5 Nfd7 5. Nf3 c5 6. dxc5 Nc6 7. Bf4 Bxc5
8. Bd3 f6 9. exf6 Qxf6 10. Bg3 O-O 11. O-O Nd4 12. Nxd4 Bxd4 13. Qe2 a6 14.
Rae1 Nc5 15. Bd6 Nxd3 16. cxd3 Rf7 17. Be5 Bxe5 18. Qxe5 Qxe5 19. Rxe5 Rc7
20. f4 Bd7 21. f5 d4 22. Ne2 exf5 23. Nxd4 g6 24. g4 Bb5 25. Nxb5 axb5 26.
gxf5 Rxa2 27. Rxb5 gxf5 28. Rfxf5 Ra1+ 29. Kg2 Rd1 30. Rf3 Rd2+ 31. Kh3 h6
32. Rb6 Rcc2 33. Rg3+ Kf8 34. Rxb7 Rxh2+ 35. Kg4 Rxb2 1/2-1/2

[Event "3rd ACT"]
[Site "Amsterdam NED"]
[Date "2006.07.17"]
[Round "3"]
[White "Schoorl,R"]
[Black "Cuijpers,F"]
[Result "1/2-1/2"]
[WhiteElo "2289"]
[BlackElo "2510"]
[EventDate "2006.07.15"]

1. e4 e5 2. Nf3 Nc6 3. Bb5 a6 4. Ba4 Nf6 5. O-O Be7 6. Re1 b5 7. Bb3 d6 8.
c3 O-O 9. h3 Nd7 10. d4 Bf6 11. a4 Bb7 12. Na3 exd4 13. cxd4 Re8 14. Bf4
Na5 15. Bc2 b4 16. Nb1 Nf8 17. Nbd2 Ne6 18. Be3 c5 19. d5 Nf8 20. Rb1 c4
21. b3 cxb3 22. Bxb3 Nxb3 23. Qxb3 a5 24. Nc4 Ba6 25. Bd4 Bxc4 26. Qxc4 Nd7
27. Bxf6 Qxf6 28. Nd4 Nc5 29. Nc6 Nxa4 30. e5 dxe5 31. Ra1 Nc3 32. Rxa5
Rxa5 33. Nxa5 Qd6 34. Nc6 Nxd5 35. Rd1 Nb6 36. Qxf7+ Kxf7 1/2-1/2

[Event "3rd ACT"]
[Site "Amsterdam NED"]
[Date "2006.07.17"]
[Round "3"]
[White "Schaefer,Mark"]
[Black "Breivik,L"]
[Result "1/2-1/2"]
[WhiteElo "2354"]
[BlackElo "2226"]
[EventDate "2006.07.15"]

1. e4 c5 2. Nf3 Nc6 3. d4 cxd4 4. Nxd4 Nf6 5. Nc3 e5 6. Ndb5 d6 7. Bg5 a6
8. Na3 b5 9. Bxf6 gxf6 10. Nd5 f5 11. exf5 Bxf5 12. c3 Bg7 13. Nc2 Be6 14.
Nce3 Ne7 15. g3 Nxd5 16. Nxd5 O-O 17. Bg2 a5 18. O-O Rb8 19. Qh5 Qd7 20.
Qh4 Bxd5 21. Bxd5 Kh8 22. Rad1 f5 23. Qh5 Rf6 24. f4 e4 25. Qe2 b4 26. c4
b3 27. a3 Rh6 28. Rf2 Qa7 29. Kh1 Bd4 30. Rg2 Qg7 31. g4 fxg4 32. Rxg4 Rg6
33. Rxg6 hxg6 34. Qxe4 Bxb2 35. Rd3 Qf6 36. Qe3 Qf5 37. c5 dxc5 38. Bxb3
Bc1 39. Qe5+ Qxe5 40. fxe5 Re8 41. e6 1/2-1/2

[Event "3rd ACT"]
[Site "Amsterdam NED"]
[Date "2006.07.17"]
[Round "3"]
[White "Ouwendijk,V"]
[Black "De Boer,Sy"]
[Result "0-1"]
[WhiteElo "2210"]
[BlackElo "2353"]
[EventDate "2006.07.15"]

1. e4 e5 2. Nf3 Nc6 3. Nc3 Nf6 4. d4 exd4 5. Nxd4 Bb4 6. Nxc6 bxc6 7. Bd3
d5 8. exd5 cxd5 9. Qe2+ Be7 10. Bg5 O-O 11. O-O-O Rb8 12. Rhe1 Be6 13. Bf5
Qd6 14. Bxe6 Qb4 15. Rd3 Qxb2+ 16. Kd2 Ne4+ 17. Nxe4 dxe4 18. Bxe7 exd3 19.
Qxd3 fxe6 20. Bxf8 Rxf8 21. Rxe6 Rxf2+ 22. Ke1 Rf8 23. Qb3 Qc1+ 24. Ke2 Kh8
25. Qd3 Qf1+ 26. Kd2 Qxg2+ 27. Qe2 Qd5+ 28. Kc1 Qxa2 29. Ra6 Qd5 30. Rxa7
Qg5+ 31. Kb2 Rb8+ 32. Ka2 Qc1 33. Qb5 Qxc2+ 34. Ka3 Qc1+ 35. Ka2 Qd2+ 36.
Ka3 Qe3+ 0-1

[Event "3rd ACT"]
[Site "Amsterdam NED"]
[Date "2006.07.17"]
[Round "3"]
[White "De Saegher,C"]
[Black "Schlawin,M"]
[Result "1/2-1/2"]
[WhiteElo "2203"]
[BlackElo "2349"]
[EventDate "2006.07.15"]

1. d4 e6 2. c4 Bb4+ 3. Bd2 a5 4. g3 d6 5. Nf3 Nc6 6. Bg2 e5 7. O-O exd4 8.
Nxd4 Nxd4 9. Bxb4 axb4 10. Qxd4 Nf6 11. Rd1 Ra6 12. Qd2 c5 13. a3 O-O 14.
Ra2 Qe7 15. b3 Ne4 16. Bxe4 Qxe4 17. f3 Qe5 18. axb4 Rxa2 19. Qxa2 cxb4 20.
Qd2 Be6 21. Kf2 Qh5 22. h4 Qc5+ 23. Kg2 b5 24. Qxd6 Qxd6 25. Rxd6 bxc4 26.
bxc4 Bxc4 27. Rb6 Bxe2 1/2-1/2

[Event "3rd ACT"]
[Site "Amsterdam NED"]
[Date "2006.07.17"]
[Round "3"]
[White "Van Vliet,J"]
[Black "Cox,JJ"]
[Result "1/2-1/2"]
[WhiteElo "2250"]
[BlackElo "2418"]
[EventDate "2006.07.15"]

1. e4 e6 2. d4 d5 3. e5 b6 4. c3 Qd7 5. Nf3 Ba6 6. Bxa6 Nxa6 7. Qd3 Nb8 8.
h4 Nc6 9. h5 O-O-O 10. b4 Kb7 11. a4 a5 12. b5 Na7 13. Ba3 Be7 14. Bxe7
Nxe7 15. Nbd2 f5 16. Rc1 h6 17. g3 Rc8 18. Ke2 c6 19. bxc6+ Qxc6 20. Rb1
Qxa4 21. Rb2 Rc4 22. Rhb1 Nac8 23. Nxc4 dxc4 24. Qc2 Qe8 25. Rb5 Kc7 26.
Qa2 Qc6 27. Nd2 Nd5 28. Qa3 Kd7 29. Kf1 Nce7 30. Kg1 Rc8 31. R5b2 Ke8 32.
Rc2 Kd7 33. Ra1 Ra8 34. Rb1 b5 35. Qd6+ Qxd6 36. exd6 Nc8 37. Rxb5 Nxd6 38.
Rc5 a4 39. Nxc4 a3 40. Nxd6 a2 41. Rxa2 Rxa2 42. Nb5 Kd8 43. c4 Nf6 44. Rc7
f4 45. gxf4 Nxh5 46. c5 Rb2 47. Rb7 Nxf4 48. c6 Nd5 49. Rd7+ Kc8 50. Rb7
Kd8 51. Rd7+ Kc8 52. Nd6+ Kb8 53. Rxg7 Rc2 54. Rg8+ Kc7 55. Nb5+ Kb6 56.
Rb8+ Ka6 57. c7 Nxc7 58. Nxc7+ Rxc7 59. Rg8 Kb5 60. Rg6 1/2-1/2

[Event "3rd ACT"]
[Site "Amsterdam NED"]
[Date "2006.07.17"]
[Round "3"]
[White "Wunnink,M"]
[Black "Pruijssers,R"]
[Result "0-1"]
[WhiteElo "2235"]
[BlackElo "2355"]
[EventDate "2006.07.15"]

1. e4 e5 2. Nf3 Nc6 3. Bb5 a6 4. Ba4 Nf6 5. O-O Be7 6. Re1 b5 7. Bb3 d6 8.
c3 O-O 9. h3 Nb8 10. d4 Nbd7 11. Nbd2 Bb7 12. Bc2 Re8 13. Nf1 Bf8 14. Ng3
g6 15. b3 Bg7 16. d5 Qb8 17. c4 c6 18. Rb1 Rc8 19. a4 b4 20. Bg5 cxd5 21.
cxd5 a5 22. Qd2 Rc7 23. Rbc1 Nc5 24. Nh4 Qf8 25. Be3 Nfd7 26. Ne2 Qe7 27.
g3 Rac8 28. Bh6 Bxh6 29. Qxh6 Nxa4 30. bxa4 Rxc2 31. Rxc2 Rxc2 32. Qe3 Ba6
33. Nf3 Bxe2 34. Rxe2 Rc3 35. Qa7 Rxf3 36. Rc2 Rc3 37. Rxc3 bxc3 38. Qxa5
c2 39. Qc3 Nc5 40. Qxc2 Qa7 0-1

[Event "3rd ACT"]
[Site "Amsterdam NED"]
[Date "2006.07.17"]
[Round "3"]
[White "Vazquez,R"]
[Black "Bezemer,A"]
[Result "1/2-1/2"]
[WhiteElo "2517"]
[BlackElo "2346"]
[EventDate "2006.07.15"]

1. Nf3 Nf6 2. g3 d5 3. Bg2 e6 4. O-O Be7 5. d4 O-O 6. c4 dxc4 7. Qc2 a6 8.
a4 Bd7 9. Qxc4 Bc6 10. Bf4 Nbd7 11. Nc3 Bd6 12. Rad1 Bxf4 13. gxf4 Nd5 14.
Ne5 Nxf4 15. Bxc6 Nxe5 16. dxe5 Qg5+ 17. Kh1 bxc6 18. Qe4 Nd5 19. Rg1 Qh5
20. Rg4 Rab8 21. Rdg1 g6 22. Qd4 Rb4 23. Nxd5 Rxd4 24. Nf6+ Kh8 25. Nxh5
Rxg4 26. Rxg4 gxh5 27. Rc4 1/2-1/2

[Event "3rd ACT"]
[Site "Amsterdam NED"]
[Date "2006.07.17"]
[Round "3"]
[White "Hendriks,W"]
[Black "Afek,Y"]
[Result "1/2-1/2"]
[WhiteElo "2426"]
[BlackElo "2316"]
[EventDate "2006.07.15"]

1. e4 e6 2. d4 d5 3. Bd3 c5 4. exd5 exd5 5. Nf3 Nc6 6. O-O Bd6 7. dxc5 Bxc5
8. Nbd2 Nge7 9. Nb3 Bb6 10. Re1 O-O 11. Be3 Bxe3 12. Rxe3 Nf5 13. Bxf5 Bxf5
14. Nfd4 Bg6 15. Qd2 Qb6 16. c3 Rfe8 17. Rae1 Re4 18. f3 Rxe3 19. Qxe3 h6
20. g3 a5 21. Nxc6 Qxe3+ 22. Rxe3 bxc6 23. a4 Bc2 24. Nc5 Rb8 25. Nd7 Rd8
26. Nc5 Rb8 27. Nd7 1/2-1/2

[Event "3rd ACT"]
[Site "Amsterdam NED"]
[Date "2006.07.17"]
[Round "3"]
[White "Pliester,L"]
[Black "Doggers,P"]
[Result "1/2-1/2"]
[WhiteElo "2391"]
[BlackElo "2232"]
[EventDate "2006.07.15"]

1. e4 e5 2. Nf3 Nc6 3. Bb5 a6 4. Ba4 Nf6 5. O-O Be7 6. Re1 b5 7. Bb3 d6 8.
c3 O-O 9. h3 Nb8 10. d4 Nbd7 11. Nbd2 Bb7 12. Bc2 Re8 13. Nf1 Bf8 14. Ng3
g6 15. b3 c6 16. a4 Qc7 17. Bb2 Rad8 18. Qb1 Bg7 19. Qa2 d5 20. axb5 axb5
21. dxe5 Nxe4 22. Nxe4 dxe4 23. Bxe4 Nxe5 24. c4 Ra8 25. Qb1 Nxf3+ 26. Bxf3
Rxe1+ 27. Qxe1 Bxb2 28. Rxa8+ Bxa8 29. Qe8+ Kg7 30. Qxa8 bxc4 31. bxc4
1/2-1/2

[Event "3rd ACT"]
[Site "Amsterdam NED"]
[Date "2006.07.17"]
[Round "3"]
[White "Slingerland,F"]
[Black "De Vreugt,D"]
[Result "1/2-1/2"]
[WhiteElo "2338"]
[BlackElo "2429"]
[EventDate "2006.07.15"]

1. e4 e5 2. Nf3 Nc6 3. Nc3 Nf6 4. d4 exd4 5. Nd5 Nxe4 6. Qe2 f5 7. Ng5 d3
8. cxd3 Nd4 9. Qh5+ g6 10. Qh4 c6 11. dxe4 cxd5 12. exd5 Bg7 13. Kd1 h6 14.
Nf3 Qxh4 15. Nxh4 Kf7 16. Be3 f4 17. Bxd4 Bxd4 18. Bd3 g5 19. Nf5 Bxb2 20.
Rb1 Be5 21. d6 b6 22. Re1 Kf6 23. Rb5 Ba6 24. Rexe5 Bxb5 25. Rxb5 Rac8 26.
Kd2 Rc5 27. a4 Ke6 28. g4 fxg3 29. fxg3 h5 30. h3 Rf8 31. g4 hxg4 32. hxg4
Rh8 33. Rxc5 bxc5 34. Bc4+ Ke5 35. Bb5 Rd8 36. Ke3 Kd5 37. Kd3 Ke5 38. Kc4
Kf4 39. Kxc5 Kxg4 40. Bxd7 Rxd7 41. Kc6 Rh7 42. Nd4 Kf4 43. d7 Rh8 44. Ne6+
Kf5 45. Nxg5 Kxg5 1/2-1/2

[Event "3rd ACT"]
[Site "Amsterdam NED"]
[Date "2006.07.17"]
[Round "3"]
[White "Van Beek,L"]
[Black "Spoelman,W"]
[Result "0-1"]
[WhiteElo "2345"]
[BlackElo "2461"]
[EventDate "2006.07.15"]

1. d4 Nf6 2. c4 e6 3. Nc3 Bb4 4. e3 c5 5. Nge2 b6 6. a3 Ba5 7. Bd2 O-O 8.
Ng3 Bb7 9. Bd3 cxd4 10. exd4 Bxc3 11. bxc3 d5 12. O-O dxc4 13. Bxc4 Nc6 14.
Qe2 Rc8 15. Ba2 Qd6 16. Bg5 Nd5 17. Qd3 Na5 18. Rac1 Qc6 19. f3 Nc4 20. Bb1
f5 21. Ne2 h6 22. Bd2 Ba6 23. Rfe1 Qb7 24. Nf4 Nxa3 25. c4 Nxb1 26. Nxe6
Nxd2 27. Qxd2 Bxc4 28. Nxf8 Kxf8 29. Re5 Qd7 30. g4 fxg4 31. Qg2 Nf6 32.
Qd2 gxf3 33. Qb4+ Kg8 34. Rxc4 Qg4+ 35. Kf2 Qg2+ 36. Ke3 Qe2+ 0-1

[Event "3rd ACT"]
[Site "Amsterdam NED"]
[Date "2006.07.17"]
[Round "3"]
[White "Nijboer,F"]
[Black "Walton,A"]
[Result "1-0"]
[WhiteElo "2598"]
[BlackElo "2222"]
[EventDate "2006.07.15"]

1. e4 e6 2. d4 d5 3. Nc3 Nf6 4. e5 Nfd7 5. f4 c5 6. Nf3 Nc6 7. Be3 Qb6 8.
Na4 Qa5+ 9. c3 cxd4 10. b4 Nxb4 11. cxb4 Bxb4+ 12. Bd2 Bxd2+ 13. Nxd2 b6
14. Rb1 Ba6 15. Bxa6 Qxa6 16. Nf3 Nc5 17. Nb2 Qxa2 18. O-O O-O 19. Qxd4 Qa6
20. Nd1 Rac8 21. Nc3 Nd7 22. Ra1 Qb7 23. Nb5 Rc4 24. Qe3 Re4 25. Qd2 Qc6
26. Nfd4 Qc5 27. Rxa7 1-0

[Event "3rd ACT"]
[Site "Amsterdam NED"]
[Date "2006.07.17"]
[Round "3"]
[White "Valenti,G"]
[Black "Ahlers,B"]
[Result "0-1"]
[WhiteElo "2273"]
[BlackElo "2185"]
[EventDate "2006.07.15"]

1. e4 c5 2. Nf3 d6 3. d4 cxd4 4. Nxd4 Nf6 5. Nc3 g6 6. Be3 Bg7 7. f3 O-O 8.
Bc4 Nc6 9. Qd2 Bd7 10. h4 Ne5 11. Bb3 Rc8 12. O-O-O Nc4 13. Bxc4 Rxc4 14.
h5 Nxh5 15. g4 Nf6 16. Nde2 Re8 17. e5 Nxg4 18. fxg4 Bxe5 19. Rdg1 Rxg4 20.
Rxg4 Bxg4 21. Bd4 h5 22. Qh6 Bxd4 23. Nxd4 e5 24. Nb3 d5 25. Qd2 d4 26. Ne4
Kg7 27. Rf1 f5 28. Nf2 Qd5 29. Rg1 Qf3 30. Qe1 Qe3+ 31. Qxe3 dxe3 32. Nxg4
hxg4 33. Kd1 f4 34. Rxg4 f3 35. Re4 Rd8+ 36. Ke1 f2+ 37. Ke2 Rd1 0-1

[Event "3rd ACT"]
[Site "Amsterdam NED"]
[Date "2006.07.17"]
[Round "3"]
[White "Timman,T"]
[Black "Tukmakov,V"]
[Result "0-1"]
[WhiteElo "2260"]
[BlackElo "2560"]
[EventDate "2006.07.15"]

1. e4 c5 2. Nf3 d6 3. d4 cxd4 4. Nxd4 Nf6 5. Nc3 a6 6. Be3 e6 7. g4 h6 8.
f4 Nc6 9. Nxc6 bxc6 10. Qf3 Rb8 11. O-O-O Qa5 12. Bc4 Be7 13. h4 h5 14. g5
Ng4 15. Bd4 O-O 16. f5 exf5 17. exf5 Qxf5 18. Qxf5 Bxf5 19. Rde1 Rfe8 20.
Bxa6 d5 21. Rhf1 Bg6 22. Re2 Bd6 23. Rxe8+ Rxe8 24. Bb7 c5 25. Bg1 d4 26.
Nb5 Bg3 27. Bf3 Bxh4 28. a4 Bxg5+ 29. Kd1 d3 30. c4 Ne5 0-1

[Event "3rd ACT"]
[Site "Amsterdam NED"]
[Date "2006.07.17"]
[Round "3"]
[White "Ashton,A"]
[Black "Miedema,R"]
[Result "1/2-1/2"]
[WhiteElo "2329"]
[BlackElo "2218"]
[EventDate "2006.07.15"]

1. e4 e6 2. Nf3 d5 3. Nc3 Nf6 4. e5 Nfd7 5. d4 c5 6. dxc5 Nc6 7. Bf4 Bxc5
8. Bd3 f6 9. exf6 Nxf6 10. Qe2 O-O 11. O-O-O a6 12. h4 Bd6 13. Be5 Nxe5 14.
Nxe5 Qc7 15. f4 b5 16. Nb1 Bb7 17. Nd2 Rac8 18. Kb1 b4 19. g4 d4 20. g5
Bxe5 21. fxe5 Nd5 22. Qh5 g6 23. Qg4 Ne3 24. Qxe6+ Qf7 25. Qxf7+ Kxf7 26.
h5 Bxh1 27. Rxh1 Ke6 28. hxg6 hxg6 29. Bxg6 Kxe5 30. Bd3 Rf2 31. Kc1 Rc7
32. b3 Rg2 33. g6 Kf4 34. Rh4+ Rg4 35. Rxg4+ Kxg4 36. Kb2 a5 37. Nc4 Re7
38. Nxa5 Nd1+ 39. Kc1 Nc3 40. Kd2 Nb1+ 41. Kd1 Nc3+ 42. Kd2 Nb1+ 1/2-1/2

[Event "3rd ACT"]
[Site "Amsterdam NED"]
[Date "2006.07.17"]
[Round "3"]
[White "Swinkels,R"]
[Black "Van Gool,H"]
[Result "1-0"]
[WhiteElo "2286"]
[BlackElo "2208"]
[EventDate "2006.07.15"]

1. e4 e5 2. Nf3 Nc6 3. d4 exd4 4. Nxd4 Bc5 5. Nb3 Bb4+ 6. c3 Be7 7. f4 f5
8. exf5 Nf6 9. Bd3 d5 10. Be3 O-O 11. N1d2 Qe8 12. Qf3 d4 13. Nxd4 Nxd4 14.
Bxd4 Ba3+ 15. Kf2 Bxb2 16. Rae1 Qd8 17. Nc4 Bxc3 18. Bxc3 Nd5 19. Be5 Bxf5
20. Bxf5 Rxf5 21. Nd6 cxd6 22. Qxd5+ Rf7 23. Bxd6 Qb6+ 24. Kg3 Qc6 25. Qxc6
bxc6 26. Be5 Rc8 27. Rc1 c5 28. Rc4 Rd7 29. Rhc1 Rd5 30. Kf3 Rd3+ 31. Ke4
Ra3 32. Rxc5 Ra4+ 33. Kf3 Ra3+ 34. R5c3 Rcxc3+ 35. Rxc3 Rxa2 36. Rc8+ Kf7
37. Rc7+ Ke6 38. Rxg7 h5 39. Rh7 Ra3+ 40. Ke4 Ra2 41. f5+ 1-0

[Event "3rd ACT"]
[Site "Amsterdam NED"]
[Date "2006.07.17"]
[Round "3"]
[White "Bachofner,A"]
[Black "Heemskerk,W"]
[Result "1/2-1/2"]
[WhiteElo "2185"]
[BlackElo "2298"]
[EventDate "2006.07.15"]

1. Nf3 d5 2. b3 Nf6 3. Bb2 Bg4 4. e3 Nbd7 5. Be2 e6 6. d3 Bd6 7. Nbd2 O-O
8. O-O c6 9. h3 Bxf3 10. Nxf3 Qe7 11. a3 e5 12. Nd2 Rad8 13. c4 Rfe8 14.
Re1 Nf8 1/2-1/2